Manual del martillero y del corredor. tomo II /

שמור ב:
מידע ביבליוגרפי
מחבר ראשי: Leturia, Mauro Fernando (autor.)
מחברים אחרים: Jalil, Sergio (autor.)
פורמט: ספר אלקטרוני
שפה:ספרדית
יצא לאור: La Plata : Librería Editora Platense, 2021.
מהדורה:Segunda edición actualizada.
נושאים:
גישה מקוונת:https://elibro.unach.elogim.com/es/lc/unach/titulos/286059
תגים: הוספת תג
אין תגיות, היה/י הראשונ/ה לתייג את הרשומה!

MARC

LEADER 00000nam a2200000 i 4500
001 ELB286059
003 FINmELB
005 20250822102216.0
006 m o u
007 cr cn|||||||||
008 250822s2021 ag ob 000 0 spa d
020 |z 9789505365562 
035 |a (OCoLC)1538593405 
040 |a FINmELB  |b spa  |e rda  |c FINmELB 
050 1 4 |a KHA1059  |b L651 2021 
080 |a 347.736(82) 
082 0 4 |a 346.8207  |2 23 
100 1 |a Leturia, Mauro Fernando,  |e autor. 
245 1 0 |a Manual del martillero y del corredor.  |n tomo II /  |c Mauro Fernando Leturia, Sergio Jalil. 
250 |a Segunda edición actualizada. 
264 1 |a La Plata :  |b Librería Editora Platense,  |c 2021. 
300 |a 1 recurso en línea (492 páginas) 
336 |a texto  |b txt  |2 rdamedia/spa 
337 |a computadora  |b c  |2 rdamedia/spa 
338 |a recurso en línea  |b cr  |2 rdacarrier/spa 
504 |a Contiene bibliografía. 
588 |a Descripción basada en metadatos suministrados por el editor y otras fuentes. 
590 |a Recurso electrónico. Santa Fe, Arg.: elibro, 2025. Disponible vía World Wide Web. El acceso puede estar limitado para las bibliotecas afiliadas a elibro. 
650 4 |a Derecho mercantil  |z Argentina. 
650 4 |a Derecho civil  |z Argentina. 
655 4 |a Libros electrónicos. 
700 1 |a Jalil, Sergio,  |e autor. 
797 2 |a elibro, Corp. 
856 4 0 |u https://elibro.unach.elogim.com/es/lc/unach/titulos/286059